The Beatles - A Hard Day's Night - Statistics

General Stats
  • This quiz has been taken 27 times
  • The average score is 10 of 13
Answer Stats
# Song Name % Correct
1 A Hard Day's Night
100%
5 And I Love Her
95%
3 If I Fell
95%
7 Can't Buy Me Love
84%
6 Tell Me Why
84%
2 I Should Have Known Better
79%
4 I'm Happy Just to Dance with You
74%
9 I'll Cry Instead
68%
8 Any Time at All
58%
13 I'll Be Back
58%
10 Things We Said Today
58%
12 You Can't Do That
58%
11 When I Get Home
42%
No matching quizzes found
Score Distribution
Percent of People with Each Score
Percentile by Number Answered
Your Score History
You have not taken this quiz